| 000 | 00505nam a2200169Ia 4500 | ||
|---|---|---|---|
| 003 | GCL | ||
| 008 | 140319s9999 xx 000 0 ara d | ||
| 040 |
_aGCL / _cGCL |
||
| 082 | 0 | 4 |
_a920.71 _bا ا |
| 100 | 1 | _aفؤاد كامل (مترجم) | |
| 245 | 1 | 0 |
_aاصدقائى الوحوش / _cفؤاد كامل (مترجم) |
| 700 | 1 | _aادر، بوريس | |
| 300 | _a199 ص | ||
| 490 |
_aالهيئة العامة للاستعلامات _v0 |
||
| 650 | 0 | 4 | _aالتراجم الذاتية |
| 942 |
_2ddc _cBK |
||
| 999 |
_c47020 _d47020 |
||